| 000 | 00332nam a2200121Ia 4500 | ||
|---|---|---|---|
| 008 | 230627s9999 xx 000 0 und d | ||
| 041 | _aeng | ||
| 082 |
_a346.015 _bSUB |
||
| 100 | _aSubba Rao T. V | ||
| 245 | _aFamily Law In India : Hindu Law And Mohammedan Law | ||
| 250 | _a8ed. | ||
| 260 |
_aHyderabad _bS. Gogia And Company _c2003 |
||
| 999 |
_c702609 _d702609 |
||